Loading...
| Science - Physics | 0 | 5 | 1 | 2 | 45 | 87 | 110.80 | 1 | 3 | 0.00 | 0.00 |
| Science - Chemistry | 0 | 5 | 1 | 2 | 45 | 100 | 112.20 | 0 | 0 | 0.00 | 0.00 |
| History - Other | 0 | 3 | 0 | 0 | 30 | 16 | 56.33 | 1 | 1 | 0.00 | 0.00 |
| Science - Other | 0 | 3 | 0 | 2 | 30 | 117 | 122.33 | 0 | 0 | 0.00 | 0.00 |
| Science - Biology | 0 | 4 | 3 | 0 | 25 | 45 | 90.50 | 1 | 1 | 0.00 | 0.00 |
| Philosophy | 0 | 2 | 0 | 0 | 20 | 98 | 127.00 | 0 | 0 | 0.00 | 0.00 |
| Fine Arts - Painting and Sculpture | 0 | 2 | 1 | 1 | 15 | 114 | 119.00 | 0 | 0 | 0.00 | 0.00 |
| Religion | 0 | 2 | 1 | 0 | 15 | 104 | 114.50 | 0 | 0 | 0.00 | 0.00 |
| History - American | 0 | 2 | 1 | 0 | 15 | 78 | 79.50 | 1 | 2 | 0.00 | 0.00 |
| Social Science | 0 | 1 | 0 | 0 | 10 | 106 | 106.00 | 0 | 0 | 0.00 | 0.00 |
| History - European | 0 | 1 | 0 | 0 | 10 | 77 | 77.00 | 0 | 1 | 0.00 | 0.00 |
| Other Academic | 0 | 1 | 0 | 0 | 10 | 101 | 101.00 | 0 | 0 | 0.00 | 0.00 |
| Pop Culture | 0 | 1 | 0 | 0 | 10 | 74 | 74.00 | 0 | 1 | 0.00 | 0.00 |
| Fine Arts - Other | 0 | 1 | 0 | 0 | 10 | 45 | 45.00 | 0 | 1 | 0.00 | 0.00 |
| Literature - European | 0 | 1 | 1 | 0 | 5 | 139 | 139.00 | 0 | 1 | 0.00 | 0.00 |
| Geography | 0 | 0 | 1 | 0 | -5 | 0.00 | 0 | 0 | 0.00 | 0.00 | |
| History - World | 0 | 0 | 2 | 0 | -10 | 0.00 | 0 | 0 | 0.00 | 0.00 |